Úverová expanzia z 1. polroka neprináša pozitívne efekty

Bibliographic Details
Main Author: Kubinec, Stanislav (Author)
Format: Article
Language:Slovak
Subjects:

MARC

LEADER 00000nab a2200000 a 4500
001 vtls000630316
003 SK-MaSNL
005 20260302200642.0
008 160401c1996 xo 0 slo
015 |a SNBRB19rr/mm-uuuuu 
035 |a CL0630455 
040 |a SNKBUCL  |b slo  |c SNKBUCL  |e AACR2 
041 0 |a slo 
044 |a xo  |c SK 
080 |a 336.74(437.6)  |2 1981 
100 1 |a Kubinec, Stanislav  |4 aut  |9 901096 
245 1 0 |a Úverová expanzia z 1. polroka neprináša pozitívne efekty  |c Stanislav Kubinec 
650 0 7 |a mena slovenská  |2 snkbucl  |9 845211 
650 0 7 |a vývoj menový  |2 snkbucl  |9 902138 
655 7 |a články z novín a časopisov  |2 snkbucl  |9 267496 
773 0 |t Trend  |g Č. 38 (1996), s. 11A 
850 |a Slovenská národná knižnica v Martine  |a MTA001 
852 |a SNK  |b KIS3GCP 
958 |a NX 
958 |a SK 
958 |a RK 
958 |a RBX 
999 |c 1457749  |d 1459679